000 01123nam a2200349Ia 4500
001 Z_6161
003 CHAP
008 220113s2008 xx 000 0 und d
010 _a169395
020 _a968-839-335-5
040 _cCHAP
082 _a636.08 G36
245 _aGanadería y desarrollo rural en tiempos de crisis /
_ccoordinadores Beatriz A. Cavallotti Vázquez, Benito Ramírez Valverde y Carlos F. Marcof Álvarez
260 _aMéxico :
_bUACH. Departamento de Zootecnia,
_c2008
300 _a356 p.
503 _aej.1 - ej.5: Donación
504 _aIncluye bibliografía e índice
650 _aCrisis económica
_928975
650 _aDesarrollo rural
_932067
650 _aGanadería
_xAspectos económicos
_944616
650 _aGanadería
_xInvestigación
_944756
650 _aGlobalización
_948300
700 _a Marcof Alvarez, Carlos F., coord.
_9144019
700 _a Ramírez Valverde, Benito, coord.
_9144020
700 _aCavallotti Vázquez, Beatriz A., coord.
_9142977
901 _a636.08 G36
902 _aM
910 _a2008
942 _c1
942 _cc1
999 _c169395
_d169395